Sổ tay giao tiếp quốc tế

Sách trình bày những nguyên tắc cơ bản, những lễ nghi giao tếcần thiết trong việc giao tiếp quốc tế. Ngoài ra, sách cũng giới thiệu các tập tục lễ nghi ở các nước á Châu, Phi Châu, Âu Châu, Mỹ Châu, Đại Dương Châu. Trong phần phụ lục, sa...

Descripción completa

Guardado en:
Detalles Bibliográficos
Autor principal: Cao Thế Kiệt
Formato: Libro
Lenguaje:Undetermined
Publicado: Hà Nội Phụ Nữ 1998
Materias:
Etiquetas: Agregar Etiqueta
Sin Etiquetas, Sea el primero en etiquetar este registro!
Thư viện lưu trữ: Trung tâm Học liệu Trường Đại học Cần Thơ
LEADER 01121nam a2200205Ia 4500
001 CTU_25146
008 210402s9999 xx 000 0 und d
020 |b 13,500đ 
082 |a 390.08 
082 |b K308 
100 |a Cao Thế Kiệt 
245 0 |a Sổ tay giao tiếp quốc tế 
245 0 |c Cao Thế Kiệt 
260 |a Hà Nội 
260 |b Phụ Nữ 
260 |c 1998 
520 |a Sách trình bày những nguyên tắc cơ bản, những lễ nghi giao tếcần thiết trong việc giao tiếp quốc tế. Ngoài ra, sách cũng giới thiệu các tập tục lễ nghi ở các nước á Châu, Phi Châu, Âu Châu, Mỹ Châu, Đại Dương Châu. Trong phần phụ lục, sách còn cung cấp tên nước và tên thủ đô các nước trên thế giới cùng bảng chênh lệch múi giờ của một số thành phố chủ yếu 
650 |a communication,social interaction 
904 |i Minh, 980916 
980 |a Trung tâm Học liệu Trường Đại học Cần Thơ